| 000 | 00901nam a2200217 u 4500 | ||
|---|---|---|---|
| 001 | 000466670 | ||
| 003 | AM-YeHGA | ||
| 005 | 20250618072527.0 | ||
| 008 | 051201s1933 ai r 000 0 arm d | ||
| 040 | _aAM-YeHGA | ||
| 041 | 0 | _aarm | |
| 100 | 1 | _aԳնունի, Խ. | |
| 245 | 1 | 0 |
_aՀանրային սեփականության պահպանությունը / _cԽ. Գնունի; Խմբ.՝ Հ. Գալիկյան; Լեզվ. խմբ.՝ Վ. Թերզիբաշյան. |
| 260 |
_aՅերևան : _bԿուսհրատ, _c1933. |
||
| 300 |
_a32 էջ : _bաղս. |
||
| 650 | 1 | 4 | _aՄարդու իրավունքներ |
| 653 | 0 | _aՍոցիալիստական սեփականություն - Պահպանում | |
| 700 | 1 |
_aԳալիկյան, Հրանտ Ավետիսի, _d1889-1938 _eխմբ. _4edt _93002 |
|
| 700 | 1 |
_aԹերզիբաշյան, Վահրամ Վահանի, _d1899-1964 _eխմբ. _4edt _92563 |
|
| 090 | _c171674 | ||
| 999 |
_c170237 _d170237 |
||